The financing of business in the United States : A guide for foreign companies
Spremljeno u:
| Autor kompanije: | |
|---|---|
| Format: | Knjiga |
| Jezik: | Undetermined |
| Izdano: |
New York
Morgan Guaranty Trust Company
1974
|
| Teme: | |
| Oznake: |
Dodaj oznaku
Bez oznaka, Budi prvi tko označuje ovaj zapis!
|
| Thư viện lưu trữ: | Trung tâm Học liệu Trường Đại học Cần Thơ |
|---|
| LEADER | 00556nam a2200181Ia 4500 | ||
|---|---|---|---|
| 001 | CTU_78061 | ||
| 008 | 210402s9999 xx 000 0 und d | ||
| 082 | |a 658.4 | ||
| 082 | |b M848 | ||
| 110 | |a Morgan Guaranty Trust Company | ||
| 245 | 4 | |a The financing of business in the United States : | |
| 245 | 2 | |b A guide for foreign companies | |
| 245 | 0 | |c Morgan Guaranty Trust Company | |
| 260 | |a New York | ||
| 260 | |b Morgan Guaranty Trust Company | ||
| 260 | |c 1974 | ||
| 650 | |a Business planning | ||
| 980 | |a Trung tâm Học liệu Trường Đại học Cần Thơ | ||